[Event "Gibraltar Challengers A"]
[Site "Gibraltar"]
[Date "2020.01.22"]
[Round "3.21"]
[White "Paul, Nathanael"]
[Black "Voiteanu, Gabriel"]
[Result "1/2-1/2"]
[WhiteElo "1987"]
[BlackElo "2133"]
[PlyCount "106"]
[EventDate "2020.01.20"]
[EventType "swiss"]
[EventRounds "5"]
[EventCountry "GGB"]
[SourceTitle "BritBase"]
[Source "John Saunders"]
[SourceDate "2021.06.05"]
[SourceVersion "1"]
[SourceVersionDate "2021.06.05"]
[SourceQuality "1"]

1. d4 Nf6 2. Bf4 d5 3. e3 c5 4. c3 Nc6 5. Nd2 Bf5 6. Ngf3 e6 7. Bb5 Qb6 8. Qa4
a6 9. Bxc6+ bxc6 10. dxc5 Bxc5 11. b4 Be7 12. Nd4 Rc8 13. Nxf5 exf5 14. O-O O-O
15. Be5 Ne4 16. Nxe4 fxe4 17. Bd4 Qb5 18. Qxb5 axb5 19. a4 Ra8 20. axb5 cxb5
21. Ra5 Rxa5 22. bxa5 Ra8 23. Bb6 Bd8 24. Rb1 Bxb6 25. axb6 Kf8 26. b7 Rb8 27.
Rxb5 Ke7 28. Rxd5 Rxb7 29. h4 Ke6 30. Rd4 f5 31. Kh2 Rc7 32. c4 Ke5 33. Kg3 Rc6
34. Rd5+ Ke6 35. Kf4 g6 36. Re5+ Kf6 37. c5 h6 38. Rd5 g5+ 39. Kg3 Ke6 40. Rd8
Kf6 41. Rf8+ Ke5 42. hxg5 hxg5 43. Rg8 Kf6 44. Rb8 Rxc5 45. Rb6+ Kg7 46. f3 Rc3
47. Rb5 Kg6 48. Rb6+ Kh5 49. Rf6 exf3 50. gxf3 Rc5 51. Re6 Ra5 52. Rb6 Re5 53.
Rf6 Ra5 1/2-1/2

[Event "Gibraltar Challengers A"]
[Site "Gibraltar"]
[Date "2020.01.22"]
[Round "3.26"]
[White "Erdogan, Hassan"]
[Black "Kukic, Boris"]
[Result "1-0"]
[WhiteElo "1830"]
[BlackElo "2056"]
[PlyCount "74"]
[EventDate "2020.01.20"]
[EventType "swiss"]
[EventRounds "5"]
[EventCountry "GGB"]
[SourceTitle "BritBase"]
[Source "John Saunders"]
[SourceDate "2021.06.05"]
[SourceVersion "1"]
[SourceVersionDate "2021.06.05"]
[SourceQuality "1"]

1. d4 d5 2. e3 Bf5 3. Bd3 Bg6 4. Nf3 e6 5. O-O Nf6 6. c3 Bd6 7. b3 Qe7 8. Bb2
Nbd7 9. Qc2 c6 10. Nbd2 Rc8 11. Rac1 a6 12. Rfe1 c5 13. Qb1 O-O 14. Bxg6 fxg6
15. c4 e5 16. dxe5 Bxe5 17. Nxe5 Nxe5 18. Bxe5 Qxe5 19. Nf3 Qe6 20. cxd5 Nxd5
21. Qb2 Nb4 22. Qe2 b5 23. a3 Nd5 24. Red1 Nf4 25. Qd2 Nxg2 26. Ng5 Qg4 27.
Qd5+ Kh8 28. Qxg2 Qe2 29. Rf1 c4 30. bxc4 bxc4 31. Qh3 h6 32. Ne6 Rfe8 33. Nf4
Qb2 34. Nxg6+ Kg8 35. Ne7+ Rxe7 36. Qxc8+ Kh7 37. Rxc4 Rc7 1-0

[Event "Gibraltar Challengers A"]
[Site "Gibraltar"]
[Date "2020.01.22"]
[Round "3.27"]
[White "Ankitha, Goud Palle"]
[Black "Karlsson, Jorgen"]
[Result "1-0"]
[WhiteElo "1761"]
[BlackElo "2054"]
[PlyCount "83"]
[EventDate "2020.01.20"]
[EventType "swiss"]
[EventRounds "5"]
[EventCountry "GGB"]
[SourceTitle "BritBase"]
[Source "John Saunders"]
[SourceDate "2021.06.05"]
[SourceVersion "1"]
[SourceVersionDate "2021.06.05"]
[SourceQuality "1"]

1. Nf3 g6 2. d4 d6 3. c4 Bg7 4. Nc3 Bg4 5. e3 Nf6 6. Be2 O-O 7. O-O Na6 8. a3
c5 9. d5 Nc7 10. e4 a6 11. a4 b6 12. h3 Bd7 13. e5 dxe5 14. Nxe5 Nfe8 15. Bf4
Nd6 16. Bd3 Nce8 17. Re1 Nf6 18. Qd2 Re8 19. Bh6 Bh8 20. Qg5 Nf5 21. Bxf5 Bxf5
22. Re3 Nh5 23. Nc6 Bf6 24. Nxd8 Bxg5 25. Bxg5 Raxd8 26. g4 f6 27. Bh6 e5 28.
gxh5 Kf7 29. Rg3 Rg8 30. hxg6+ Rxg6 31. Rxg6 Kxg6 32. Be3 a5 33. f4 Bxh3 34.
fxe5 fxe5 35. Ne4 Bf5 36. Nd2 Bd3 37. Kh2 Rd6 38. Rg1+ Kf7 39. Nf3 Kf6 40. Bg5+
Kf5 41. Nh4+ Ke4 42. Rg4# 1-0

[Event "Gibraltar Challengers A"]
[Site "Gibraltar"]
[Date "2020.01.22"]
[Round "3.28"]
[White "Kunnavakkam, Sudarshanagopal Vin"]
[Black "Verhoef, Jaap"]
[Result "1/2-1/2"]
[WhiteElo "1786"]
[BlackElo "2015"]
[PlyCount "101"]
[EventDate "2020.01.20"]
[EventType "swiss"]
[EventRounds "5"]
[EventCountry "GGB"]
[SourceTitle "BritBase"]
[Source "John Saunders"]
[SourceDate "2021.06.05"]
[SourceVersion "1"]
[SourceVersionDate "2021.06.05"]
[SourceQuality "1"]

1. e4 e5 2. d4 exd4 3. c3 Nf6 4. e5 Ne4 5. Nf3 Nc6 6. Nxd4 Nxd4 7. Qxd4 d5 8.
exd6 Nxd6 9. Bf4 Be6 10. Bd3 Qc8 11. O-O c5 12. Qe5 Qc6 13. Na3 Be7 14. Rfd1
O-O 15. Bg5 Bxg5 16. Bxh7+ Kxh7 17. Rxd6 Qxd6 18. Qxd6 Rfd8 19. Qxc5 Rd5 20.
Qb4 Rad8 21. Rf1 Bf5 22. Qxb7 R8d7 23. Qb3 Bd3 24. Ra1 Be2 25. Qc2+ Bd3 26. Qd1
Bb5 27. Qxd5 Rxd5 28. c4 Rd2 29. Nxb5 Rxb2 30. Nxa7 Bf6 31. Rc1 Bd4 32. Nc6
Bxf2+ 33. Kh1 Rxa2 34. Ne5 f6 35. Nd3 Be3 36. Re1 Bd2 37. Rd1 Rc2 38. g3 Be3
39. Re1 Bd4 40. c5 Bxc5 41. Nxc5 Rxc5 42. Re2 Rc3 43. Kg2 Kg6 44. Ra2 f5 45. h3
Kh5 46. Rf2 Kg5 47. h4+ Kf6 48. g4 g6 49. Rf3 Rxf3 50. Kxf3 fxg4+ 51. Kxg4
1/2-1/2

[Event "Gibraltar Challengers A"]
[Site "Gibraltar"]
[Date "2020.01.22"]
[Round "3.29"]
[White "Cannon, Richard J"]
[Black "Patola, Eero"]
[Result "1-0"]
[WhiteElo "1990"]
[BlackElo "1831"]
[PlyCount "137"]
[EventDate "2020.01.20"]
[EventType "swiss"]
[EventRounds "5"]
[EventCountry "GGB"]
[SourceTitle "BritBase"]
[Source "John Saunders"]
[SourceDate "2021.06.05"]
[SourceVersion "1"]
[SourceVersionDate "2021.06.05"]
[SourceQuality "1"]

1. e4 d5 2. Nc3 d4 3. Nce2 e5 4. Ng3 Nf6 5. Nf3 Nc6 6. Bc4 h6 7. O-O Bd6 8. a3
Qe7 9. d3 g6 10. h3 Be6 11. Nd2 O-O-O 12. Bxe6+ Qxe6 13. Nc4 Be7 14. a4 h5 15.
b3 h4 16. Ne2 Nh5 17. f4 f5 18. exf5 gxf5 19. fxe5 Nxe5 20. Nf4 Nxf4 21. Bxf4
Ng6 22. Bh2 Bg5 23. Qf3 f4 24. Rae1 Qf5 25. Qe4 Qxe4 26. Rxe4 Rhf8 27. Ne5 Ne7
28. Nf3 Bf6 29. Bxf4 Nf5 30. Rfe1 Ng7 31. Bh6 Rg8 32. Bxg7 Rxg7 33. Nxh4 Rh8
34. Re8+ Rxe8 35. Rxe8+ Kd7 36. Re4 c5 37. Nf3 Kd6 38. g4 a6 39. Kf2 b5 40.
axb5 axb5 41. Kg3 Kd5 42. Rf4 Be7 43. Rf5+ Ke6 44. b4 Bd6+ 45. Kg2 Rc7 46. h4
Rc8 47. h5 Be7 48. bxc5 Bxc5 49. Ng5+ Ke7 50. Ne4 Ba3 51. Rf2 Rg8 52. Kh3 Bc1
53. Kh4 Be3 54. Rf5 b4 55. g5 Rc8 56. Rc5 Rf8 57. Nf6 Kd6 58. Rc4 Rb8 59. h6
Rb5 60. Ne4+ Ke7 61. Rc7+ Ke6 62. h7 Rb8 63. g6 Bh6 64. Kh5 Bf4 65. Rg7 Be5 66.
Rg8 Rb5 67. Kg4 b3 68. cxb3 Rxb3 69. Re8+ 1-0

[Event "Gibraltar Challengers A"]
[Site "Gibraltar"]
[Date "2020.01.22"]
[Round "3.30"]
[White "O'Neil, Jim"]
[Black "Tkadlecek, Petr"]
[Result "1-0"]
[WhiteElo "1870"]
[BlackElo "1775"]
[PlyCount "53"]
[EventDate "2020.01.20"]
[EventType "swiss"]
[EventRounds "5"]
[EventCountry "GGB"]
[SourceTitle "BritBase"]
[Source "John Saunders"]
[SourceDate "2021.06.05"]
[SourceVersion "1"]
[SourceVersionDate "2021.06.05"]
[SourceQuality "1"]

1. d4 Nf6 2. Nc3 d5 3. Bf4 c6 4. e3 Bg4 5. f3 Bh5 6. g4 Bg6 7. h4 h6 8. Bd3
Bxd3 9. Qxd3 e6 10. O-O-O Bb4 11. Nge2 Nbd7 12. a3 Be7 13. Ng3 Qb6 14. g5 Ng8
15. e4 Qa5 16. exd5 cxd5 17. Nb5 Rc8 18. Nd6+ Bxd6 19. Bxd6 Ne7 20. Rde1 hxg5
21. hxg5 Rh2 22. Re2 Rxh1+ 23. Nxh1 Nf5 24. Qxf5 Qa6 25. Rxe6+ Kd8 26. Be7+ Kc7
27. Qf4+ 1-0

[Event "Gibraltar Challengers A"]
[Site "Gibraltar"]
[Date "2020.01.22"]
[Round "3.31"]
[White "Nergard, Ole-Kristian"]
[Black "Hari, Charan Sai Kalluri"]
[Result "0-1"]
[WhiteElo "1667"]
[BlackElo "1836"]
[PlyCount "90"]
[EventDate "2020.01.20"]
[EventType "swiss"]
[EventRounds "5"]
[EventCountry "GGB"]
[SourceTitle "BritBase"]
[Source "John Saunders"]
[SourceDate "2021.06.05"]
[SourceVersion "1"]
[SourceVersionDate "2021.06.05"]
[SourceQuality "1"]

1. e4 c5 2. Nf3 d6 3. Bb5+ Nd7 4. O-O Ngf6 5. Re1 e6 6. c3 Be7 7. d4 cxd4 8.
cxd4 a6 9. Ba4 b5 10. Bc2 e5 11. Nbd2 Bb7 12. Nf1 O-O 13. Ng3 g6 14. Bh6 Re8
15. Bb3 Ng4 16. Bd2 Rc8 17. h3 Ngf6 18. a4 exd4 19. axb5 Nc5 20. bxa6 Bxa6 21.
Nxd4 Qb6 22. Ba5 Qb7 23. Bc3 h5 24. Bc2 Bc4 25. Nf3 Rcd8 26. Qd2 d5 27. Qh6 Ne6
28. exd5 Bf8 29. Qc1 Nxd5 30. Be5 Rc8 31. Qd2 Red8 32. Nd4 Nxd4 33. Bxd4 Nb4
34. Bxg6 fxg6 35. Qf4 Qf7 36. Qh4 Rxd4 37. Qxd4 Bc5 38. Qd2 Nd3 39. Re2 Rb8 40.
Rb1 Rf8 41. Ne4 Nf4 42. Nxc5 Nxe2+ 43. Kh1 Qxf2 44. Nd7 Ng3+ 45. Kh2 Qxd2 0-1

[Event "Gibraltar Challengers A"]
[Site "Gibraltar"]
[Date "2020.01.22"]
[Round "3.32"]
[White "Rakotomaharo, Yves Andre"]
[Black "Garcia-Blazquez Perez, Manuel"]
[Result "1-0"]
[WhiteElo "2020"]
[BlackElo "1825"]
[PlyCount "91"]
[EventDate "2020.01.20"]
[EventType "swiss"]
[EventRounds "5"]
[EventCountry "GGB"]
[SourceTitle "BritBase"]
[Source "John Saunders"]
[SourceDate "2021.06.05"]
[SourceVersion "1"]
[SourceVersionDate "2021.06.05"]
[SourceQuality "1"]

1. d4 f5 2. Nc3 Nf6 3. Bg5 e6 4. f3 Be7 5. e4 fxe4 6. fxe4 O-O 7. Nf3 d5 8. e5
Ne4 9. Bxe7 Qxe7 10. Bd3 Nxc3 11. bxc3 c5 12. dxc5 Qxc5 13. Qd2 Nc6 14. Ke2 Na5
15. Qe3 b6 16. Nd4 Bd7 17. Rhf1 Nc4 18. Qh3 g6 19. Qg3 Qc7 20. Nf3 Rf7 21. h4
Rg7 22. Rae1 Rf8 23. Kd1 Nb2+ 24. Kd2 Na4 25. Ng5 Qxc3+ 26. Ke2 Rxf1 27. Rxf1
Qc8 28. Qf4 Nc5 29. Nf7 h5 30. Nd6 Nxd3 31. cxd3 Qc2+ 32. Ke1 Qxd3 33. Rf3 Qb1+
34. Kf2 Qxa2+ 35. Kg3 Qe2 36. Qf8+ Kh7 37. Nf7 Qe1+ 38. Rf2 Qe3+ 39. Kh2 Rg8
40. Ng5+ Qxg5 41. Qf7+ Rg7 42. hxg5 Rxf7 43. Rxf7+ Kg8 44. Rxd7 Kf8 45. Rxa7 b5
46. Kg3 1-0

[Event "Gibraltar Challengers A"]
[Site "Gibraltar"]
[Date "2020.01.22"]
[Round "3.34"]
[White "Auvinen, Esa"]
[Black "Perez Ruiz, Santiago"]
[Result "0-1"]
[WhiteElo "1850"]
[BlackElo "1953"]
[PlyCount "124"]
[EventDate "2020.01.20"]
[EventType "swiss"]
[EventRounds "5"]
[EventCountry "GGB"]
[SourceTitle "BritBase"]
[Source "John Saunders"]
[SourceDate "2021.06.05"]
[SourceVersion "1"]
[SourceVersionDate "2021.06.05"]
[SourceQuality "1"]

1. e4 e5 2. Nf3 Nc6 3. Bb5 a6 4. Bxc6 dxc6 5. d4 exd4 6. Qxd4 Bg4 7. Bf4 Qxd4
8. Nxd4 O-O-O 9. Ne2 Ne7 10. f3 Be6 11. Nbc3 h5 12. Kf2 Ng6 13. Be3 Ne5 14. b3
f6 15. Rhd1 Bd6 16. Rd2 g5 17. Rad1 Rdg8 18. Na4 f5 19. Bc5 fxe4 20. Bxd6 cxd6
21. Rxd6 exf3 22. Rxe6 Ng4+ 23. Kg3 fxe2 24. Rxe2 Rf8 25. c4 Nf2 26. Rxf2 h4+
27. Kh3 Rxf2 28. Nc3 g4+ 29. Kxg4 Rg8+ 30. Kxh4 Rfxg2 31. Kh3 Rc2 32. Rd3 Rh8+
33. Kg3 Rcxh2 34. Kf4 Rg2 35. c5 Re8 36. Ne4 Rf8+ 37. Ke5 Rxa2 38. Nd6+ Kc7 39.
Rh3 Re2+ 40. Kd4 Re7 41. Nc4 Rd8+ 42. Kc3 Rd5 43. b4 Rg7 44. Nb6 Rdg5 45. Rh8
Rg3+ 46. Kb2 Rg8 47. Rh7+ R3g7 48. Rh6 Rf8 49. Kb3 Rf3+ 50. Ka4 Rg2 51. Rh7+
Kd8 52. Rh8+ Ke7 53. Nc8+ Ke6 54. Ka5 Rb2 55. Rh4 Ra3+ 56. Kb6 a5 57. Kxb7
Rxb4+ 58. Rxb4 axb4 59. Nb6 b3 60. Nc4 Ra4 61. Nd2 Kd5 62. Kc7 Rb4 0-1

[Event "Gibraltar Challengers A"]
[Site "Gibraltar"]
[Date "2020.01.22"]
[Round "3.35"]
[White "Adewole, Adeyinka"]
[Black "Niharika, Ch"]
[Result "0-1"]
[WhiteElo "1941"]
[BlackElo "1865"]
[PlyCount "70"]
[EventDate "2020.01.20"]
[EventType "swiss"]
[EventRounds "5"]
[EventCountry "GGB"]
[SourceTitle "BritBase"]
[Source "John Saunders"]
[SourceDate "2021.06.05"]
[SourceVersion "1"]
[SourceVersionDate "2021.06.05"]
[SourceQuality "1"]

1. c4 Nf6 2. Nc3 e6 3. e3 d5 4. d4 Bb4 5. Nf3 O-O 6. Qb3 Bxc3+ 7. bxc3 b6 8.
cxd5 exd5 9. Ne5 Bf5 10. Be2 c5 11. Ba3 c4 12. Qb2 Re8 13. g4 Be6 14. Bf3 Nbd7
15. Nc6 Qc7 16. Ne7+ Kh8 17. h3 Rad8 18. Qc2 Nf8 19. Nf5 Ng6 20. h4 Nf4 21. Kf1
Nd3 22. Be2 h5 23. Ng3 Bxg4 24. Bxd3 cxd3 25. Qxd3 Bf3 26. Rg1 Ne4 27. Bb2 Rd6
28. Nxe4 Rxe4 29. Rg3 Rf6 30. Qb5 Rxe3 31. Re1 Be2+ 32. Rxe2 Qxg3 33. Qxd5 Rxe2
34. Qxh5+ Kg8 35. Qxe2 Qh3+ 0-1

[Event "Gibraltar Challengers A"]
[Site "Gibraltar"]
[Date "2020.01.22"]
[Round "3.36"]
[White "Lafour, Jephte"]
[Black "Aura, Kristian"]
[Result "0-1"]
[WhiteElo "1690"]
[BlackElo "1928"]
[PlyCount "142"]
[EventDate "2020.01.20"]
[EventType "swiss"]
[EventRounds "5"]
[EventCountry "GGB"]
[SourceTitle "BritBase"]
[Source "John Saunders"]
[SourceDate "2021.06.05"]
[SourceVersion "1"]
[SourceVersionDate "2021.06.05"]
[SourceQuality "1"]

1. e4 c5 2. Nf3 d6 3. g3 g6 4. Bg2 Bg7 5. O-O Nc6 6. d3 e6 7. c3 Nge7 8. Be3
O-O 9. Qb3 Rb8 10. Na3 b5 11. Qd1 b4 12. Nb1 Ba6 13. Re1 bxc3 14. bxc3 Qa5 15.
d4 cxd4 16. Nxd4 Ne5 17. Nb3 Qc7 18. Bf1 Bxf1 19. Rxf1 f5 20. Nd4 Qd7 21. f3
fxe4 22. fxe4 Rxf1+ 23. Kxf1 Rf8+ 24. Kg2 d5 25. Qb3 Ng4 26. Bg1 Kh8 27. Nd2 e5
28. N4f3 dxe4 29. Nxe4 Qd3 30. Nfg5 h6 31. Nf7+ Kh7 32. Ned6 Nf5 33. Nxf5 Qxf5
34. Nd6 Qf3+ 35. Kh3 h5 36. Qb7 Qxb7 37. Nxb7 e4 38. Rc1 Rb8 39. Nd6 e3 40. Ne4
Rb2 41. Ng5+ Kg8 42. c4 Bh6 43. Nf3 Rxa2 44. Rd1 e2 45. Rd8+ Kf7 46. Rd7+ Ke6
47. Rc7 Be3 48. Bxe3 e1=Q 49. Nd4+ Kf6 50. Rc6+ Kf7 51. Rc7+ Ke8 52. Re7+ Kxe7
53. Bg5+ Ke8 54. Nf3 Qf2 55. Be3 Qxf3 56. Bg1 Qg2+ 57. Kh4 Qxg1 58. c5 Rxh2+
59. Kg5 Qe3+ 60. Kxg6 Ne5+ 61. Kf5 Rf2+ 62. Ke6 Nd3+ 63. Kd5 Rf5+ 64. Kc4 Qe4+
65. Kc3 Rxc5+ 66. Kd2 Qe1+ 67. Kxd3 Rd5+ 68. Kc4 Rd8 69. g4 Qc1+ 70. Kb5 Rb8+
71. Ka6 Qa3# 0-1

[Event "Gibraltar Challengers A"]
[Site "Gibraltar"]
[Date "2020.01.22"]
[Round "3.38"]
[White "Brown, David"]
[Black "Hng, Mei-Xian Eunice"]
[Result "0-1"]
[WhiteElo "1916"]
[BlackElo "1661"]
[PlyCount "84"]
[EventDate "2020.01.20"]
[EventType "swiss"]
[EventRounds "5"]
[EventCountry "GGB"]
[SourceTitle "BritBase"]
[Source "John Saunders"]
[SourceDate "2021.06.05"]
[SourceVersion "1"]
[SourceVersionDate "2021.06.05"]
[SourceQuality "1"]

1. e4 c5 2. Nf3 e6 3. d4 cxd4 4. Nxd4 a6 5. Bd3 Bc5 6. Nb3 Ba7 7. O-O Nc6 8. c3
Nf6 9. Qe2 d6 10. Na3 h6 11. Be3 O-O 12. Rad1 b5 13. Bb1 Bxe3 14. Qxe3 Qc7 15.
Qf4 Ne5 16. Nd4 Bb7 17. Ndxb5 axb5 18. Nxb5 Qb6 19. Nxd6 Ng6 20. Qg3 e5 21. b3
Rfd8 22. Nxb7 Qxb7 23. Qe3 Nf4 24. g3 Nh3+ 25. Kg2 Ng5 26. f3 Rxd1 27. Rxd1 Qc8
28. Rd3 Qh3+ 29. Kg1 Nh5 30. Qd2 Nxg3 31. hxg3 Qxg3+ 32. Kf1 Nxf3 33. Qf2 Qh3+
34. Ke2 Qh1 35. Rd1 Qh2 36. Kxf3 Qh5+ 37. Ke3 Qxd1 38. Qc2 Qg1+ 39. Kf3 Ra6 40.
Ke2 Rf6 41. Kd3 Qf1+ 42. Qe2 Rf3+ 0-1

[Event "Gibraltar Challengers A"]
[Site "Gibraltar"]
[Date "2020.01.23"]
[Round "4.1"]
[White "Hristodorescu, Daniel"]
[Black "Carrascoso Morales, Abel"]
[Result "0-1"]
[WhiteElo "2172"]
[BlackElo "2229"]
[PlyCount "72"]
[EventDate "2020.01.20"]
[EventType "swiss"]
[EventRounds "5"]
[EventCountry "GGB"]
[SourceTitle "BritBase"]
[Source "John Saunders"]
[SourceDate "2021.06.05"]
[SourceVersion "1"]
[SourceVersionDate "2021.06.05"]
[SourceQuality "1"]

1. e4 d6 2. d4 Nf6 3. Nc3 g6 4. Bg5 Bg7 5. f4 c6 6. Nf3 O-O 7. Bd3 b5 8. e5 b4
9. Ne2 Nd5 10. Qd2 f6 11. Bh4 Ba6 12. a3 Bxd3 13. Qxd3 Qb6 14. exd6 exd6 15. f5
Re8 16. O-O Re3 17. Qc4 Qa6 18. Qxa6 Nxa6 19. Nc1 bxa3 20. bxa3 gxf5 21. Bf2
Rc3 22. Ne2 Rxc2 23. Ng3 f4 24. Nf5 Re8 25. Nxg7 Kxg7 26. Nh4 Ree2 27. Rab1 Rb2
28. Rxb2 Rxb2 29. Nf5+ Kg6 30. Nxd6 Ra2 31. Nc4 Rc2 32. Na5 Nac7 33. h3 Ne3 34.
Re1 Ncd5 35. a4 Kf5 36. Nb3 Ke4 0-1

[Event "Gibraltar Challengers A"]
[Site "Gibraltar"]
[Date "2020.01.23"]
[Round "4.2"]
[White "Bengherabi, Khalil"]
[Black "Piasetski, Leon"]
[Result "0-1"]
[WhiteElo "2106"]
[BlackElo "2219"]
[PlyCount "84"]
[EventDate "2020.01.20"]
[EventType "swiss"]
[EventRounds "5"]
[EventCountry "GGB"]
[SourceTitle "BritBase"]
[Source "John Saunders"]
[SourceDate "2021.06.05"]
[SourceVersion "1"]
[SourceVersionDate "2021.06.05"]
[SourceQuality "1"]

1. e4 c5 2. Nf3 e6 3. d4 cxd4 4. Nxd4 a6 5. Bd3 Bc5 6. Nb3 Be7 7. Qg4 g6 8. Nc3
d6 9. Qe2 Nd7 10. O-O Ne5 11. Be3 Nf6 12. f4 Nxd3 13. cxd3 O-O 14. Na4 b5 15.
Nb6 Rb8 16. Nxc8 Rxc8 17. Rfc1 Qd7 18. Bd4 b4 19. Rc4 Rxc4 20. dxc4 Qc6 21. Nd2
e5 22. fxe5 dxe5 23. Bf2 Rd8 24. Re1 Bc5 25. Nf3 Ng4 26. Bxc5 Qxc5+ 27. Kf1 Rd3
28. Rc1 Re3 29. Qd2 Rxe4 30. Re1 Ne3+ 31. Rxe3 Rxe3 32. b3 e4 33. Ne5 Kg7 34.
Ng4 Qf5+ 35. Kg1 Rd3 36. Qh6+ Kg8 37. h3 f6 38. Qh4 g5 39. Nh6+ Kf8 40. Qh5 Qd7
41. Qe2 Rd1+ 42. Kh2 Qd6+ 0-1

[Event "Gibraltar Challengers A"]
[Site "Gibraltar"]
[Date "2020.01.23"]
[Round "4.3"]
[White "Onabogun, Kolade"]
[Black "De Abreu, Roberto N"]
[Result "0-1"]
[WhiteElo "2198"]
[BlackElo "2154"]
[PlyCount "144"]
[EventDate "2020.01.20"]
[EventType "swiss"]
[EventRounds "5"]
[EventCountry "GGB"]
[SourceTitle "BritBase"]
[Source "John Saunders"]
[SourceDate "2021.06.05"]
[SourceVersion "1"]
[SourceVersionDate "2021.06.05"]
[SourceQuality "1"]

1. e4 e6 2. d4 d5 3. Nc3 Bb4 4. e5 Qd7 5. Bd2 b6 6. Nf3 Nc6 7. Bd3 Bb7 8. a3
Be7 9. h4 O-O-O 10. Bf4 f5 11. Qe2 Nh6 12. O-O-O Na5 13. b4 Nc6 14. Bb5 Kb8 15.
Na2 Qc8 16. Kb2 a6 17. Bd3 Bf8 18. Rb1 Nf7 19. Ka1 Be7 20. a4 g6 21. Bd2 Na7
22. b5 a5 23. Ng5 Rdf8 24. f4 h6 25. Nf3 Qd8 26. Qe1 g5 27. hxg5 hxg5 28. Rxh8
Rxh8 29. fxg5 Nxg5 30. Nxg5 Bxg5 31. Bxa5 bxa5 32. Qxa5 Be7 33. Qc3 Nc8 34. a5
Ba8 35. Qb3 Rg8 36. Nc3 Rxg2 37. Na4 Rg4 38. Qc3 Qd7 39. Rh1 f4 40. Rh7 Qd8 41.
Nc5 Bxc5 42. Qxc5 Rg1+ 43. Kb2 f3 44. Rf7 Rg8 45. Rxf3 Qe7 46. Rf6 Rg7 47. Bg6
Qd7 48. Bh5 Rh7 49. Bg4 Re7 50. Rf8 Re8 51. Rf6 Re7 52. Kb3 Bb7 53. Kb4 Qe8 54.
Be2 Ba8 55. Bd3 Bb7 56. Kb3 Qd8 57. Be2 Qe8 58. Bg4 Ba8 59. Be2 Bb7 60. Kb4 Qd8
61. Bd3 Qd7 62. Bg6 Rg7 63. Qf8 Re7 64. Rf7 Ka7 65. Rxe7 Nxe7 66. Be8 Qd8 67.
Qf7 Bc8 68. Kc5 Bd7 69. Bxd7 Qxd7 70. c3 Kb7 71. Qf8 Nc8 72. Qf1 Qe7# 0-1

[Event "Gibraltar Challengers A"]
[Site "Gibraltar"]
[Date "2020.01.23"]
[Round "4.5"]
[White "Ask, Josef"]
[Black "Ungureanu, Sandu"]
[Result "1-0"]
[WhiteElo "2174"]
[BlackElo "2066"]
[PlyCount "109"]
[EventDate "2020.01.20"]
[EventType "swiss"]
[EventRounds "5"]
[EventCountry "GGB"]
[SourceTitle "BritBase"]
[Source "John Saunders"]
[SourceDate "2021.06.05"]
[SourceVersion "1"]
[SourceVersionDate "2021.06.05"]
[SourceQuality "1"]

1. Nf3 d5 2. g3 c5 3. Bg2 Nc6 4. O-O e5 5. d3 f5 6. c4 dxc4 7. Qa4 Bd6 8. Ng5
Be7 9. Nc3 Bd7 10. f4 exf4 11. gxf4 h6 12. Nf3 Nb4 13. Qd1 Bc6 14. a3 Nd5 15.
Ne5 Nxc3 16. Bxc6+ bxc6 17. bxc3 Bf6 18. Qa4 Ne7 19. Qxc4 Qd5 20. Be3 Bxe5 21.
fxe5 Qxc4 22. dxc4 O-O 23. Bxc5 Rfe8 24. Rab1 Ng6 25. Rxf5 Rxe5 26. Rxe5 Nxe5
27. Rb7 Nxc4 28. Bd4 g5 29. Rg7+ Kf8 30. Rh7 Re8 31. Kf2 Nxa3 32. Rxh6 Nb5 33.
Rxc6 Re4 34. e3 Kf7 35. Rf6+ Ke7 36. Rf5 Nd6 37. Rxg5 Ke6 38. Ra5 Rh4 39. Rxa7
Rxh2+ 40. Kf3 Rc2 41. Ra6 Kd7 42. Ra5 Ke6 43. e4 Rc1 44. Ra6 Kd7 45. Rb6 Re1
46. e5 Nc4 47. Rb5 Ke6 48. Kf4 Rf1+ 49. Ke4 Rd1 50. Rc5 Nd2+ 51. Ke3 Nb3 52.
Rc6+ Kf5 53. Rf6+ Kg5 54. Rb6 Nd2 55. Ke2 1-0

[Event "Gibraltar Challengers A"]
[Site "Gibraltar"]
[Date "2020.01.23"]
[Round "4.6"]
[White "Mihajlov, Svetoslav"]
[Black "Sousa, Ludy Helsio Paulo"]
[Result "0-1"]
[WhiteElo "2173"]
[BlackElo "2247"]
[PlyCount "73"]
[EventDate "2020.01.20"]
[EventType "swiss"]
[EventRounds "5"]
[EventCountry "GGB"]
[SourceTitle "BritBase"]
[Source "John Saunders"]
[SourceDate "2021.06.05"]
[SourceVersion "1"]
[SourceVersionDate "2021.06.05"]
[SourceQuality "1"]

1. d4 Nf6 2. Nf3 g6 3. c4 c5 4. d5 b5 5. a4 bxc4 6. Nc3 d6 7. Nd2 Bg7 8. e4 O-O
9. Be2 e6 10. Nxc4 exd5 11. exd5 Re8 12. O-O Ba6 13. Nb5 Bf8 14. Bf3 Bxb5 15.
axb5 Nbd7 16. Na5 Qb6 17. Be2 Qc7 18. Nc6 Nb6 19. Bf3 h6 20. g3 Bg7 21. h4 Qd7
22. Bf4 Bf8 23. Qd3 c4 24. Qd2 Qf5 25. Rfd1 Nbxd5 26. Bxd5 Nxd5 27. Bxh6 Bxh6
28. Qxh6 Re2 29. Rf1 Rxb2 30. Rac1 c3 31. Rxc3 Re8 32. Ra3 Qh3 33. Rf3 Qg4 34.
Kg2 Rbe2 35. Rc1 Qe4 36. Rf1 Re6 37. Rc1 0-1

[Event "Gibraltar Challengers A"]
[Site "Gibraltar"]
[Date "2020.01.23"]
[Round "4.7"]
[White "Oragwu, Chukwunonso"]
[Black "Dolzhikova, Olga"]
[Result "0-1"]
[WhiteElo "2220"]
[BlackElo "2123"]
[PlyCount "54"]
[EventDate "2020.01.20"]
[EventType "swiss"]
[EventRounds "5"]
[EventCountry "GGB"]
[SourceTitle "BritBase"]
[Source "John Saunders"]
[SourceDate "2021.06.05"]
[SourceVersion "1"]
[SourceVersionDate "2021.06.05"]
[SourceQuality "1"]

1. e4 g6 2. Nc3 Bg7 3. g3 c5 4. Bg2 Nc6 5. Nge2 d6 6. d3 Nd4 7. h3 Bd7 8. a4
Bc6 9. O-O e6 10. Nf4 Qd7 11. h4 Ne7 12. Bh3 O-O 13. Be3 b6 14. Ncd5 Bb7 15. c3
Ndc6 16. h5 f5 17. Nxe7+ Nxe7 18. hxg6 hxg6 19. Bg2 e5 20. Qb3+ d5 21. Nxd5
Nxd5 22. exd5 f4 23. d6+ Kh7 24. Bxc5 f3 25. Bh1 bxc5 26. Rfe1 Rf5 27. Re3 Rh5
0-1

[Event "Gibraltar Challengers A"]
[Site "Gibraltar"]
[Date "2020.01.23"]
[Round "4.8"]
[White "Vinas Guerrero, Carlos A."]
[Black "Yanev, Pavel"]
[Result "0-1"]
[WhiteElo "2092"]
[BlackElo "2200"]
[PlyCount "74"]
[EventDate "2020.01.20"]
[EventType "swiss"]
[EventRounds "5"]
[EventCountry "GGB"]
[SourceTitle "BritBase"]
[Source "John Saunders"]
[SourceDate "2021.06.05"]
[SourceVersion "1"]
[SourceVersionDate "2021.06.05"]
[SourceQuality "1"]

1. e4 Nc6 2. Nf3 d6 3. d4 g6 4. c3 Nf6 5. Bd3 e5 6. dxe5 dxe5 7. O-O Bc5 8. b4
Bb6 9. b5 Na5 10. Ba3 Nh5 11. Nxe5 Qf6 12. Nc4 Nf4 13. Nxb6 axb6 14. g3 Nh3+
15. Kg2 Be6 16. f4 O-O-O 17. Qe2 Rd7 18. e5 Qd8 19. Rd1 h5 20. Rd2 h4 21. Be4
hxg3 22. hxg3 Nxf4+ 23. gxf4 Qh4 24. Kg1 Qg3+ 25. Bg2 Qh2+ 26. Kf2 Bh3 27. Ke1
Rxd2 28. Nxd2 Bxg2 29. Rc1 Rd8 30. Qf2 Qh3 31. Bb4 Qh1+ 32. Nf1 Bxf1 33. Qxf1
Qe4+ 34. Qe2 Qxf4 35. Rd1 Qh4+ 36. Kf1 Qh1+ 37. Kf2 Qxd1 0-1